00660nam a2200205Ia 4500952013500000999001500135003000400150005001700154008004100171020001800212040000900230082001800239100002500257245004900282250001200331260004600343300000900389650001400398942004200412 00102ddc40708CHEMISTRYaMESbMEScCHEd2019-02-20g879.00l0o547.28 ODI/Pp39040r2019-02-20 00:00:00w2019-02-20yBKzGL29R3 c3698d3698OSt20200821141102.0190216s9999||||xx |||||||||||||| ||und|| a9788126513918 coclc a547.28bODI/P aOdian, George 94277 0aPrinciples Of Polymerization /cGeorge Odian a4th Ed. bWiley Student Edition,c2012.aNew Delhi: a812p aChemistry cBK2ddch547.28iODI/Pk547.28mODI/P